Deconstructing penguins : parents, kids, and the ... Read More
Available copies
- 1 of 1 copy available at LARL/NWRL Consortium. (Show)
- 1 of 1 copy available at Lake Agassiz Regional Library.
Current holds
0 current holds with 1 total copy.
Show Only Available Copies
| Location | Call Number / Copy Notes | Barcode | Shelving Location | Status | Due Date |
|---|---|---|---|---|---|
| Moorhead Public Library | 028.5 GOL (Text) | 33500008476772 | Main | Available | - |
Record details
- ISBN: 0812970284 (pbk.)
- Physical Description: x, 206 p. ; 21 cm.
- Edition: 1st ed.
- Publisher: New York : Ballantine Books, c2005.
Search for related items by subject
| Subject: | Children > Books and reading Children's literature > Study and teaching (Elementary) Reading > Parent participation. Book clubs (Discussion groups) |
| LDR | 01028cam a2200289 a 4500 | ||
|---|---|---|---|
| 001 | 60489 | ||
| 003 | LARL_NWRL_CONSORTIUM | ||
| 005 | 20050622133820.0 | ||
| 008 | 041007s2005 nyu 000 0 eng | ||
| 010 | . | ‡a2004055440 | |
| 020 | . | ‡a0812970284 (pbk.) | |
| 035 | . | ‡a(OCoLC)56798751 | |
| 040 | . | ‡aDLC ‡cDLC | |
| 082 | 0 | 0. | ‡a028.5/5 ‡222 |
| 100 | 1 | . | ‡aGoldstone, Lawrence, ‡d1947- ‡0(LARL_NWRL_CONSORTIUM)91898 |
| 245 | 1 | 0. | ‡aDeconstructing penguins : ‡bparents, kids, and the bond of reading / ‡cLawrence and Nancy Goldstone. |
| 250 | . | ‡a1st ed. | |
| 260 | . | ‡aNew York : ‡bBallantine Books, ‡cc2005. | |
| 300 | . | ‡ax, 206 p. ; ‡c21 cm. | |
| 650 | 0. | ‡aChildren ‡xBooks and reading ‡0(LARL_NWRL_CONSORTIUM)16345 | |
| 650 | 0. | ‡aChildren's literature ‡xStudy and teaching (Elementary) | |
| 650 | 0. | ‡aReading ‡xParent participation. ‡0(LARL_NWRL_CONSORTIUM)29459 | |
| 650 | 0. | ‡aBook clubs (Discussion groups) ‡0(LARL_NWRL_CONSORTIUM)42728 | |
| 700 | 1 | . | ‡aGoldstone, Nancy Bazelon. ‡0(LARL_NWRL_CONSORTIUM)93049 |
| 901 | . | ‡a60489 ‡bOCLC ‡c60489 ‡tbiblio | |

Add to basket
Permalink
Disable Highlighting